000 00645nam0a22002531 4500
001 RU\NLR\INFOCOMM10\ROSSICA\1000018647
005 20250613185116.0
035 _a(NLR Aleph) 009880932
090 _a10472049
_c10472049
100 _a20030829d1914 |||y0rusy50 ca
101 0 _ager
102 _aRU
105 _ay ||||000ay
200 1 _aAufgaben aus der Physik
_fKupffer, Fr.K.
210 _aSt.Petersburg
_d1914
215 _d
700 1 _aKupffer
_bF.K.
_gFr.K.
_4070
801 1 _aRU
_bInfoComm
_c20030829
801 0 _aRU
_bNLR
_gPSBO
852 _aNLR
_j14.45.4.23
942 _cBOOK
980 _aNB
980 _aRossica